000
00252nam a2200109Ia 4500
008
220120s9999||||xx |||||||||||||| ||und||
020
_a
330105973
100
_a
Bhakshi, V.A
245
0
_a
Network analysis
260
_b
London
_c
2004
300
_a
240p.
_b
0
999
_c
136528
_d
136528